LEADER 01836nlm 2200409 450 001 996358750303316 005 20200916120314.0 010 $a1-4443-0855-6 010 $a1-118-29345-2 010 $a1-282-11644-4 010 $a9786612116445 010 $a1-4443-0854-8 100 $a20160107h2012---- uy 0 101 0 $aeng 105 $ay 00 y 135 $auzcu|---||||| 200 10$aAncient epic /$fKatherine Callen King 210 1$aWest Sussex, England :$cWiley-Blackwell,$d2012. 215 $aTesto elettronico (PDF) (EPUB (220 p.)$dcm 225 1 $aBlackwell Introductions to the Classical World 230 $aBase dati testuale 300 $aIncludes index. 327 $aThe epic of Gilgamesh -- The context of Homeric epic -- The Iliad -- The Odyssey -- The Argonautika of Apollonios of Rhodes -- The context of Roman epic -- The Aeneid of Virgil -- The Metamorphoses of Ovid. 330 $aAncient Epic offers a comprehensive and accessible introduction to six of the greatest ancient epics - Homer's Iliad and Odyssey, Vergil's Aeneid, Ovid's Metamorphoses, and Apollonius of Rhodes' Agonautica.Provides an accessible introduction to the ancient epicOffers interpretive analyses of poems within a comprehensive historical contextIncludes a detailed timeline, suggestions for further readings, and an appendix of the Olympian gods and their Akkadian counterparts 410 0$aBlackwell introductions to the classical world. 606 $aEpic poetry$xHistory and criticism$2BNCF 606 $aPoetry, Ancient$xHistory and criticism 676 $a809.1 676 $a809.1/32 676 $a938 700 $aKing$bKatherine Callen$0503561 801 0$bcba$aIT$gREICAT 912 $a996358750303316 959 $aEB 969 $aER 996 $aAncient epic$91756270 997 $aUNISA LEADER 01175nam0 22003011i 450 001 UON00215001 005 20231205103350.65 100 $a20030730f1965 |0itac50 ba 101 $aita 102 $aIT 105 $a||||0 ||||| 200 1 $aFilippo II$fOrestes Ferrara$gtraduzione di Emma Barzini 205 $aMilano : Aldo Martello$b(stampa 1965) 210 $a448 p.$a23 cm 215 $aTit orig.: Felipe II. 606 $aFILIPPO II DI SPAGNA$3UONC042501$2FI 606 $aSpagna$xStoria$xFilippo II$x1556-1598$3UONC045245$2FI 620 $aIT$dMilano$3UONL000005 676 $a946.043$cStoria generale d'Europa. Spagna. Regno di Filippo II$v21 700 1$aFERRARA$bOrestes$3UONV129960$0127540 702 1$aBARZINI$bEmma$3UONV129961 712 $aMartello$3UONV246681$4650 801 $aIT$bSOL$c20260220$gRICA 899 $aSIBA - SISTEMA BIBLIOTECARIO DI ATENEO E ARCHIVIO STORICO$2UONSI 912 $aUON00215001 950 $aSIBA - SISTEMA BIBLIOTECARIO DI ATENEO E ARCHIVIO STORICO$dSI SPA STO 028 $eSI SP 2013 7 028 996 $aFilippo II$9308609 997 $aUNIOR